000 00331nam a2200133Ia 4500
008 190723s9999 xx 000 0 und d
020 _a978-81-265-5427-0
100 _aSilberschatz, Galvin,
245 0 _aOperating Systems Concepts
250 _a9th
260 _aNew Delhi
_bJohn Wiley & Sons
_c2016
300 _a856
942 _cBK
999 _c1370
_d1370